000
00288nam a2200097Ia 4500
005
20251222152026.0
008
251222s9999||||xx |||||||||||||| ||spa||
082
_a
630.1P/I59/V.18/T.2
245
0
_a
III Censo Nacional Agropecuario: Resultados Definitivos: Departamento de Pasco
942
_c
LIB
999
_c
25481
_d
25481